000 01449 a2200313 4500
001 43876
005 20260407155720.0
008 260407a2009 arg spa d
003 AR-UNSa-BCEJYS
040 _aAR-UNSa-BCEJYS
_bspa
_cAR-UNSa-BCEJYS
080 _a94(82)
_xHistoria de Argentina
245 1 0 _aArgentina
_pla construcción de un país
020 _a978-950-07-3038-9
264 1 _aBuenos Aires :
_bSudamericana
_c2009
300 _a411 p.
_c23 cm.
505 _a1. El péndulo de la riqueza: la economía argentina en el periodo 1880 -1916 / Fernando Rocchi - 2. Estado, gobierno y política en el régimen conservador / Mirta Zaida Lobato - 3. La trunca transición del régimen oligárquico al régimen democrático / Waldo Ansaldi - 4. Partidos, coaliciones y sistema de poder / Darío Macor - 6. Introducción a los años peronistas / Juan Carlos Torre - 7. El país del desarrollo posible / Ricardo Aroskind - 8. Los derechos humanos entre el estado y la sociedad / Elizabeth Jelin.
041 _aspa
942 _cBK
590 _aniveau_biblio:m niveau_hierar:0
100 1 _aAroskind, Ricardo
700 1 _aAnsaldi, Waldo
700 1 _aDoyon, Louise
700 1 _aJelin, Elizabeth
700 1 _aLobato, Mirta Zaida
700 1 _aMacor, Darío
700 1 _aRocchi, Fernando
700 1 _aTorre, Juan Carlos
856 4 1 _uhttps://biblioeco.unsa.edu.ar/pmb/images/libros/L126783.jpg
_yImagen de portada
_qimage/jpeg
999 _c3741
_d3741